01104 a2200253 450000500170000000800410001702000170005804000440007504100080011924500370012726000610016430000240022550800970024951101660034653800160051254600940052860000420062260000380066465000290070265000380073165000360076965300180080570000270082320191002074556.0190722s2015 cau||||| |||| 00| 0 mul d a0251922302710 aCO-BoUCMbspacSaul NiñodSaul Niño aeng00aGet on UpcDirector, Tate Taylor a[California]bUniversal Studios Home Entertainmentc2015 a1 DVD (139 minutos) aDirector of photography, Stephen Goldblatt ; editor, Michael McCusker ; music, Thomas Newman aChadwick Boseman, Dan Aykroyd, Viola Davis, Octavia Spencer, Nelsan Ellis, Lennie James, Tika Sumpter, Craig Robinson, Jill Scott, Olivia Spencer, Aunjanue Ellis aDVD. Zona 1 aAudio en español, inglés y francés. Subtítulos en español, inglés y francés1 aBrown, Jamesd1933-2006xBiografías1 aBrown, Jamesd1933-2006xHistoria 0aMúsica espiritualvDVD 0aPelículas musicalesxDramavDVD 7aPelículas cinematográficas  aMúsica Soul aTaylor, Tateedirector